[Event "Sparkassen-Open A"]
[Site "Heusenstamm, Martinsee"]
[Date "2017.11.25"]
[Round "4.42"]
[White "Besancon, Pascal"]
[Black "Meyner, Hannes"]
[Result "0-1"]
[WhiteElo "1691"]
[BlackElo "2159"]
[PlyCount "56"]
[EventDate "2017.??.??"]
[WhiteTeam "SK Weida"]
[BlackTeam "TG Wehlheiden"]

1. e4 c6 2. d4 d5 3. exd5 cxd5 4. Bd3 Nc6 5. Nf3 Bg4 6. c3 Nf6 7. Bf4 e6 8.
Nbd2 Bd6 9. Bxd6 Qxd6 10. O-O O-O 11. Qc2 Rfc8 12. a3 Bh5 13. Rae1 Bg6 14. Bxg6
hxg6 15. Qb1 b5 16. Ne5 a5 17. b4 axb4 18. axb4 Ra3 19. Qb2 Rca8 20. Nb3 Ra2
21. Qc1 Ne4 22. Nxc6 Qxc6 23. Re3 Qc4 24. Na5 Qc7 25. Nb3 Qf4 26. Rf3 Qxc1 27.
Rxc1 R8a3 28. Nc5 Ra1 0-1

[Event "Sparkassen-Open A"]
[Site "Heusenstamm, Martinsee"]
[Date "2017.11.25"]
[Round "4.43"]
[White "Dietze, Frank"]
[Black "Müdder, Melanie"]
[Result "1-0"]
[WhiteElo "2154"]
[BlackElo "1737"]
[PlyCount "93"]
[EventDate "2017.??.??"]
[WhiteTeam "vereinslos"]
[BlackTeam "SG Solingen"]

1. d4 f5 2. Nf3 d6 3. Bf4 Nf6 4. Nc3 g6 5. e3 Bg7 6. Bc4 e6 7. Qd3 Qe7 8. Bb3
Bd7 9. O-O O-O 10. Rad1 Nc6 11. Bg5 Qe8 12. a3 Kh8 13. Rfe1 e5 14. dxe5 Nxe5
15. Nxe5 Qxe5 16. Bf4 Qe7 17. Bg5 Qe5 18. Bf4 Qe7 19. f3 Rae8 20. Bg3 Qd8 21.
Rd2 Be6 22. Nb5 Nh5 23. Nd4 Bxb3 24. Qxb3 Nxg3 25. hxg3 Qg5 26. Kf2 f4 27. gxf4
Qh4+ 28. Ke2 Qxf4 29. Ne6 Qh2 30. Kd1 Rf7 31. Nxg7 Kxg7 32. Qxb7 Qe5 33. Kc1
Qg5 34. Qd5 Qg3 35. Rde2 Re5 36. Qa8 Rf8 37. Qxa7 Rc5 38. Qa4 Rb8 39. Qd4+ Kg8
40. Rd1 Qg5 41. Rd3 Rbb5 42. b4 Rf5 43. Qc4+ Kf8 44. Qxc7 Rfd5 45. Red2 Qe5 46.
Qc3 Qh5 47. e4 1-0

[Event "Sparkassen-Open A"]
[Site "Heusenstamm, Martinsee"]
[Date "2017.11.25"]
[Round "4.44"]
[White "Felten, Maximilian"]
[Black "Köllner, Ruben Gideon"]
[Result "1/2-1/2"]
[WhiteElo "1675"]
[BlackElo "2133"]
[PlyCount "97"]
[EventDate "2017.??.??"]
[WhiteTeam "SG Trier"]
[BlackTeam "SG Bochum"]

1. e4 d6 2. d4 Nf6 3. Nc3 Nbd7 4. f4 e5 5. d5 exf4 6. Bxf4 g6 7. Nf3 Bg7 8. Bd3
O-O 9. O-O a6 10. Qd2 Ng4 11. h3 Nge5 12. Bh6 Nxf3+ 13. Rxf3 Ne5 14. Rf2 Bd7
15. Bxg7 Kxg7 16. Raf1 Qe7 17. Qf4 h6 18. Qf6+ Qxf6 19. Rxf6 Bf5 20. R6xf5 gxf5
21. Rxf5 Rg8 22. Ne2 Kf8 23. Nd4 Ke7 24. Rh5 Rg6 25. Nf5+ Kf6 26. Rxh6 Rxh6 27.
Nxh6 Kg5 28. Nf5 Nd7 29. Kf2 Rh8 30. Ke3 Ne5 31. h4+ Kf6 32. g3 Ng6 33. Be2 Ne7
34. Nxe7 Kxe7 35. Kf4 Kf6 36. h5 Kg7 37. g4 f6 38. b3 Re8 39. a4 a5 40. Bb5 Re7
41. c3 Kf7 42. b4 b6 43. Bc6 Kg7 44. b5 Kf7 45. Bb7 Re8 46. Bc6 Re7 47. Bb7 Re8
48. Bc6 Re7 49. Bb7 1/2-1/2

[Event "Sparkassen-Open A"]
[Site "Heusenstamm, Martinsee"]
[Date "2017.11.25"]
[Round "4.45"]
[White "Diehm, Alexander"]
[Black "Zimmermann, Rolf"]
[Result "0-1"]
[WhiteElo "2039"]
[BlackElo "2178"]
[PlyCount "146"]
[EventDate "2017.??.??"]
[WhiteTeam "SC FK Babenhausen"]
[BlackTeam "SC Tornado Hochneukirch"]

1. d4 d5 2. Nf3 Nf6 3. e3 e6 4. Bd3 c5 5. c3 Nc6 6. Nbd2 Bd6 7. O-O O-O 8. Re1
e5 9. e4 cxd4 10. cxd4 Re8 11. dxe5 Nxe5 12. Nxe5 Bxe5 13. exd5 Bg4 14. f3 Qxd5
15. Nf1 Rad8 16. Be3 Bxb2 17. Bxh7+ Nxh7 18. Qxd5 Rxd5 19. Rab1 Bc3 20. Rec1
Bf5 21. Rxb7 Bd4 22. Bxd4 Rxd4 23. Rxa7 Rd7 24. Ra5 Be6 25. Kf2 Nf6 26. Rc2
Rdd8 27. Nd2 Ra8 28. Rxa8 Rxa8 29. Nb3 Nd5 30. Nc1 Nb4 31. Rb2 Nxa2 32. Ne2 Rc8
33. h4 Nc3 34. Rd2 Nxe2 35. Kxe2 g6 36. Ke3 Rc4 37. g3 Kg7 38. Rb2 Rc3+ 39. Ke4
Bd7 40. Rf2 Bc6+ 41. Kf4 Kf6 42. g4 Rc4+ 43. Kg3 Kg7 44. Ra2 Rc3 45. Rf2 Bd5
46. Kf4 Rc4+ 47. Ke5 Be6 48. Rg2 Rc1 49. Kf4 Rc4+ 50. Kg3 f5 51. gxf5 gxf5 52.
Kh3+ Kf6 53. h5 Bf7 54. h6 Rc1 55. Rh2 Rg1 56. Rb2 Rh1+ 57. Kg3 Rxh6 58. Rb6+
Be6 59. Kf4 Rh4+ 60. Kg3 Rd4 61. f4 Rd3+ 62. Kh4 Rf3 63. Rb4 Bd5 64. Rb6+ Kf7
65. Kg5 Be4 66. Rb2 Rg3+ 67. Kh6 Rg4 68. Rf2 Kf6 69. Kh5 Rg3 70. Kh4 Rf3 71.
Ra2 Rxf4+ 72. Kg3 Rf3+ 73. Kh4 Ke5 0-1

[Event "Sparkassen-Open A"]
[Site "Heusenstamm, Martinsee"]
[Date "2017.11.25"]
[Round "4.46"]
[White "Heinemann, Ernst"]
[Black "Rutsatz, Mario"]
[Result "1-0"]
[WhiteElo "2157"]
[BlackElo "1996"]
[PlyCount "120"]
[EventDate "2017.??.??"]
[WhiteTeam "SK Oldenburg"]
[BlackTeam "SF Frankfurt"]

1. e4 e6 2. d4 d5 3. Nc3 Bb4 4. e5 Ne7 5. Qg4 c5 6. dxc5 Nbc6 7. Bd2 Ng6 8. Nf3
f5 9. exf6 Qxf6 10. Bb5 Bxc5 11. O-O-O Bd7 12. Rhe1 O-O 13. Nxd5 exd5 14. Qxd7
Bxf2 15. Qxd5+ Kh8 16. Re6 Qd8 17. Bxc6 bxc6 18. Qxd8 Raxd8 19. Bg5 Rc8 20. c3
Bb6 21. Rdd6 c5 22. Rc6 Rce8 23. Kc2 Kg8 24. Be3 Rxe6 25. Rxe6 Rf5 26. c4 Kf7
27. Re4 h6 28. Kd3 Bc7 29. Kc2 Bd6 30. h3 Bg3 31. Bd2 Rf6 32. Kd1 Rd6 33. Kc2
Nf8 34. Bf4 Bxf4 35. Rxf4+ Ke7 36. Re4+ Kf6 37. g4 Ne6 38. Re3 Nd4+ 39. Nxd4
Rxd4 40. Kc3 a5 41. Rf3+ Ke6 42. Rf8 h5 43. Rf5 hxg4 44. Rxc5 Rf4 45. hxg4 Rf3+
46. Kc2 Rf2+ 47. Kb3 Rf3+ 48. Ka4 Rf2 49. Ka3 a4 50. b3 axb3 51. axb3 Rg2 52.
g5 g6 53. Ka4 Kd6 54. Kb5 Kd7 55. b4 Re2 56. Kb6 Re6+ 57. Kb7 Kd8 58. b5 Re7+
59. Kb6 Re6+ 60. Rc6 Re4 1-0

[Event "Sparkassen-Open A"]
[Site "Heusenstamm, Martinsee"]
[Date "2017.11.25"]
[Round "4.47"]
[White "Werner, Dimo"]
[Black "Klings, Peter"]
[Result "1/2-1/2"]
[WhiteElo "2031"]
[BlackElo "2145"]
[PlyCount "66"]
[EventDate "2017.??.??"]
[WhiteTeam "TSV Schott Mainz"]
[BlackTeam "Freibauer Mörlenbach"]

1. d4 Nf6 2. c4 c5 3. d5 b5 4. Qc2 bxc4 5. e4 d6 6. Bxc4 g6 7. h3 Bg7 8. Nf3
O-O 9. O-O Nfd7 10. Nc3 Nb6 11. Be2 Ba6 12. Bxa6 Nxa6 13. Qe2 Nc7 14. Rd1 Qc8
15. Bf4 Qb7 16. Rd2 Rfd8 17. Rad1 Qa6 18. Qxa6 Nxa6 19. e5 Nc4 20. Re2 Nxe5 21.
Nxe5 Bxe5 22. Bxe5 dxe5 23. Rxe5 Rd7 24. Re2 Rad8 25. Red2 Nc7 26. Ne4 Rxd5 27.
Rxd5 Nxd5 28. Nxc5 e6 29. a3 a5 30. Nb7 Ra8 31. Rc1 Kg7 32. Rc5 a4 33. Nd6 h5
1/2-1/2

[Event "Sparkassen-Open A"]
[Site "Heusenstamm, Martinsee"]
[Date "2017.11.25"]
[Round "4.48"]
[White "Zweschper, Erich"]
[Black "Hoppe, Thilo"]
[Result "1/2-1/2"]
[WhiteElo "1982"]
[BlackElo "2128"]
[PlyCount "34"]
[EventDate "2017.??.??"]
[WhiteTeam "SV Kelsterbach"]
[BlackTeam "SC Bonn Beuel"]

1. d4 d5 2. Nf3 Nf6 3. c4 c6 4. e3 g6 5. Nc3 Bg7 6. Bd3 O-O 7. O-O a6 8. a4 a5
9. Bd2 Na6 10. Rc1 Nb4 11. Be2 Ne4 12. Be1 Bf5 13. Nh4 Bc8 14. f4 e6 15. Nf3
Nd6 16. b3 b6 17. Nb1 Nf5 1/2-1/2

[Event "Sparkassen-Open A"]
[Site "Heusenstamm, Martinsee"]
[Date "2017.11.25"]
[Round "4.49"]
[White "Olesiak, Marcin"]
[Black "Günther, Andreas"]
[Result "1-0"]
[WhiteElo "2059"]
[BlackElo "1991"]
[PlyCount "65"]
[EventDate "2017.??.??"]
[WhiteTeam "SV Oberursel"]
[BlackTeam "SG Wächtersbach"]

1. d4 Nf6 2. Nf3 d6 3. g3 g6 4. c4 Bg7 5. Bg2 O-O 6. O-O Nc6 7. Nc3 e5 8. d5
Ne7 9. c5 Bg4 10. cxd6 cxd6 11. Nd2 Bf5 12. e4 Bc8 13. a4 b6 14. Qe2 Ne8 15. b3
a5 16. Ba3 Ba6 17. Nb5 Qd7 18. Rfc1 Rc8 19. Bf1 Nc7 20. Nc4 Nxb5 21. axb5 Qxb5
22. Qe3 Qe8 23. Nxd6 Rxc1 24. Rxc1 Qa8 25. Bxa6 Qxa6 26. Rc7 Nc8 27. Rxc8 Rxc8
28. Nxc8 Qxc8 29. Qxb6 f5 30. Qc6 Qb8 31. Qe6+ Kh8 32. d6 Qd8 33. d7 1-0

[Event "Sparkassen-Open A"]
[Site "Heusenstamm, Martinsee"]
[Date "2017.11.25"]
[Round "4.50"]
[White "Schmidt, Max"]
[Black "Hahn, Florian"]
[Result "1-0"]
[WhiteElo "1992"]
[BlackElo "2141"]
[PlyCount "87"]
[EventDate "2017.??.??"]
[WhiteTeam "Frankfurter TV"]
[BlackTeam "SC Herborn"]

1. e4 c5 2. Nf3 e6 3. Nc3 a6 4. g3 b5 5. Bg2 Bb7 6. d3 Be7 7. O-O d6 8. Ne2 Nf6
9. h3 Qc7 10. Nh4 Nbd7 11. Bd2 Rc8 12. f4 c4 13. Rc1 O-O 14. f5 cxd3 15. cxd3
Qb6+ 16. Kh1 Rxc1 17. Nxc1 d5 18. fxe6 fxe6 19. e5 Nxe5 20. Qe2 Nf7 21. Nf5
exf5 22. Qxe7 Re8 23. Qb4 d4 24. Rxf5 Bxg2+ 25. Kxg2 Qc6+ 26. Kg1 Re5 27. Rf2
Rh5 28. h4 Ng4 29. Rf4 Ne3 30. Bxe3 dxe3 31. Qe7 Qxc1+ 32. Rf1 Qxf1+ 33. Kxf1
Re5 34. Qb7 e2+ 35. Ke1 Re6 36. d4 h6 37. Qa7 Re3 38. Qxa6 Kh7 39. Qc6 h5 40.
Qxb5 g6 41. a4 Nh6 42. a5 Nf5 43. a6 Re7 44. Qb7 1-0

[Event "Sparkassen-Open A"]
[Site "Heusenstamm, Martinsee"]
[Date "2017.11.25"]
[Round "4.51"]
[White "Rosenberger, Frank"]
[Black "Kalepky, Helmut"]
[Result "1/2-1/2"]
[WhiteElo "2141"]
[BlackElo "1985"]
[PlyCount "82"]
[EventDate "2017.??.??"]
[WhiteTeam "SK Gernsheim"]
[BlackTeam "SF Heidesheim"]

1. e4 c5 2. Nf3 Nc6 3. d4 cxd4 4. Nxd4 Qb6 5. Nb3 Nf6 6. Nc3 e6 7. Be3 Qc7 8.
Bd3 a6 9. f4 Bb4 10. O-O Na5 11. Na4 Nxb3 12. cxb3 b5 13. Rc1 Qd8 14. Nb6 Rb8
15. Nxc8 Rxc8 16. Rxc8 Qxc8 17. Qf3 Qb7 18. Bd4 Be7 19. Qe2 O-O 20. a3 Rd8 21.
b4 d5 22. e5 Ne4 23. f5 exf5 24. Rxf5 g6 25. Rf1 Qc6 26. Kh1 f5 27. exf6 Bxf6
28. Bxf6 Nxf6 29. Qe7 Rf8 30. h3 Qd7 31. Qe5 Qe8 32. Qd6 Qe3 33. Bxb5 axb5 34.
Rxf6 Rxf6 35. Qxf6 d4 36. Qd8+ Kg7 37. Qd7+ Kh6 38. Qd8 Qe1+ 39. Kh2 Qe5+ 40.
Kh1 Qe1+ 41. Kh2 Qe5+ 1/2-1/2

[Event "Sparkassen-Open A"]
[Site "Heusenstamm, Martinsee"]
[Date "2017.11.25"]
[Round "4.52"]
[White "Kolker, Vladislav"]
[Black "Neukirchner, Pascal"]
[Result "0-1"]
[WhiteElo "1985"]
[BlackElo "2139"]
[PlyCount "48"]
[EventDate "2017.??.??"]
[WhiteTeam "SC Bad Nauheim"]
[BlackTeam "SK Gründau"]

1. e4 c5 2. Nf3 g6 3. d4 cxd4 4. Nxd4 Bg7 5. Nc3 Nc6 6. Be3 Nf6 7. f3 O-O 8. g4
Qb6 9. Rb1 Nxg4 10. fxg4 Nxd4 11. Nd5 Qe6 12. Bg2 Qe5 13. Bf4 Qe6 14. c3 Nc6
15. Nc7 Qxa2 16. Nxa8 Bxc3+ 17. Kf2 Bd4+ 18. Kg3 f6 19. h4 Qa5 20. Qd2 g5 21.
hxg5 fxg5 22. Bxg5 Qe5+ 23. Bf4 Rxf4 24. Qxf4 Bf2+ 0-1

[Event "Sparkassen-Open A"]
[Site "Heusenstamm, Martinsee"]
[Date "2017.11.25"]
[Round "4.53"]
[White "Bethke, Richard"]
[Black "Prill, Gerhard"]
[Result "1-0"]
[WhiteElo "2134"]
[BlackElo "1960"]
[PlyCount "69"]
[EventDate "2017.??.??"]
[WhiteTeam "SF Neuberg"]
[BlackTeam "SC Heitersheim"]

1. e4 e5 2. Nf3 Nc6 3. Bc4 Nf6 4. d3 Bc5 5. c3 a6 6. h3 d6 7. Nbd2 Ba7 8. Nf1
Na5 9. Bb3 Nxb3 10. axb3 c6 11. Ng3 Be6 12. b4 Qc7 13. Nh2 d5 14. Ng4 Nd7 15.
Qf3 O-O-O 16. Nf5 dxe4 17. dxe4 g6 18. Nfe3 h5 19. Nf6 Nb6 20. O-O Qe7 21. Re1
Rd3 22. Ned5 cxd5 23. Qxd3 Qxf6 24. Be3 dxe4 25. Qxe4 Bd5 26. Qc2 Qc6 27. Ra5
Nc4 28. Bxa7 Nxa5 29. bxa5 Re8 30. f3 f5 31. Qf2 Qc4 32. Qg3 Qc6 33. Rxe5 Rg8
34. Re7 Re8 35. Qb8# 1-0

[Event "Sparkassen-Open A"]
[Site "Heusenstamm, Martinsee"]
[Date "2017.11.25"]
[Round "4.54"]
[White "Rack, Matthias"]
[Black "Heindrich, Mark"]
[Result "1/2-1/2"]
[WhiteElo "1984"]
[BlackElo "2134"]
[PlyCount "31"]
[EventDate "2017.??.??"]
[WhiteTeam "SF Neuberg"]
[BlackTeam "TuS Dotzheim"]

1. d4 d5 2. Nf3 Bf5 3. c4 e6 4. Nc3 Nc6 5. cxd5 exd5 6. Qb3 Nf6 7. Bg5 Na5 8.
Qa4+ c6 9. Bxf6 gxf6 10. e3 Qb6 11. O-O-O O-O-O 12. Nh4 Bg6 13. Bd3 Bxd3 14.
Rxd3 Nc4 15. Qc2 Kb8 16. Re1 1/2-1/2

[Event "Sparkassen-Open A"]
[Site "Heusenstamm, Martinsee"]
[Date "2017.11.25"]
[Round "4.55"]
[White "Adocchio, Giampiero"]
[Black "Berberich, Christoph"]
[Result "1/2-1/2"]
[WhiteElo "2133"]
[BlackElo "1958"]
[PlyCount "55"]
[EventDate "2017.??.??"]
[WhiteTeam "Mosbacher SC"]
[BlackTeam "SGEM Dreisamtal"]

1. d4 Nf6 2. Bf4 c5 3. d5 d6 4. Nc3 g6 5. e4 Bg7 6. Nf3 O-O 7. a4 Qb6 8. Bd2 e6
9. Be2 exd5 10. exd5 Bf5 11. a5 Qd8 12. O-O Na6 13. Nh4 Nxd5 14. Nxf5 Nxc3 15.
Bxc3 Bxc3 16. Nxd6 Bxb2 17. Rb1 Be5 18. Nxb7 Qxd1 19. Rfxd1 Nb4 20. Nxc5 Nxc2
21. Bf3 Rad8 22. Nd7 Rfe8 23. Rb7 Bd4 24. g3 Re1+ 25. Rxe1 Nxe1 26. Be4 Re8 27.
Bd5 Re7 28. Kf1 1/2-1/2

[Event "Sparkassen-Open A"]
[Site "Heusenstamm, Martinsee"]
[Date "2017.11.25"]
[Round "4.56"]
[White "Rendboe, John Filip"]
[Black "Becker, Peter"]
[Result "1-0"]
[WhiteElo "2127"]
[BlackElo "1952"]
[PlyCount "39"]
[EventDate "2017.??.??"]
[WhiteTeam "Aarhus/Skolerne"]
[BlackTeam "SF Schöneck"]

1. d4 Nf6 2. c4 c5 3. d5 b5 4. cxb5 a6 5. bxa6 Bxa6 6. g3 d6 7. Bg2 g6 8. Nf3
Bg7 9. O-O O-O 10. Nc3 Ng4 11. h3 Ne5 12. Nxe5 Bxe5 13. Qc2 Nd7 14. Bd2 Qc7 15.
Rfe1 Rfb8 16. Rab1 c4 17. h4 Rb6 18. h5 Bb7 19. Rec1 Bd4 20. Ne4 1-0

[Event "Sparkassen-Open A"]
[Site "Heusenstamm, Martinsee"]
[Date "2017.11.25"]
[Round "4.57"]
[White "Hinrichs, Hans-Uwe"]
[Black "Schindelmeiser, Frank"]
[Result "1/2-1/2"]
[WhiteElo "2123"]
[BlackElo "1944"]
[PlyCount "82"]
[EventDate "2017.??.??"]
[WhiteTeam "SK Bingen"]
[BlackTeam "SV Oberursel"]

1. e4 c5 2. Nc3 g6 3. g3 Bg7 4. Bg2 Nc6 5. d3 d6 6. Nh3 h5 7. O-O e5 8. Nd5 f6
9. c3 Nge7 10. f4 Bg4 11. Qb3 Na5 12. Qa4+ b5 13. Qa3 Nxd5 14. exd5 Be2 15. Rf2
Bxd3 16. fxe5 Nc4 17. Qa6 Nxe5 18. Nf4 Qb6 19. Qxb6 axb6 20. Ne6 Kf7 21. Bf4 f5
22. Rd1 c4 23. a3 Ng4 24. Rfd2 Be5 25. Bg5 Rac8 26. Re1 Rhe8 27. Be3 Nxe3 28.
Rxe3 Kf6 29. h4 Re7 30. Kf2 Ra8 31. Re1 Raa7 32. Re3 Ra8 33. Kg1 Rg8 34. Kf2
Rge8 35. Kg1 Rb8 36. Kf2 Rc8 37. Kg1 Rh8 38. Kf2 Rg8 39. Kg1 Rh8 40. Kf2 Rb8
41. Kg1 Rh8 1/2-1/2

[Event "Sparkassen-Open A"]
[Site "Heusenstamm, Martinsee"]
[Date "2017.11.25"]
[Round "4.58"]
[White "Edel, Thomas"]
[Black "Khamenya, Vitalia"]
[Result "1-0"]
[WhiteElo "2104"]
[BlackElo "1913"]
[PlyCount "71"]
[EventDate "2017.??.??"]
[WhiteTeam "SF Hannover"]
[BlackTeam "SK Gräfelfing"]

1. d4 Nf6 2. Nf3 g6 3. c4 Bg7 4. Nc3 O-O 5. e4 d6 6. h3 Bd7 7. Bg5 h6 8. Be3
Na6 9. Be2 c5 10. d5 Nc7 11. O-O Rb8 12. a4 b6 13. e5 Nfe8 14. Bf4 a6 15. Qd2
Kh7 16. Ra2 b5 17. axb5 axb5 18. b3 Qc8 19. Ne4 Rb6 20. Re1 bxc4 21. bxc4 Bf5
22. Ng3 dxe5 23. Bxe5 Bxe5 24. Nxe5 Nd6 25. Bf1 e6 26. Nxf5 Nxf5 27. Ra7 exd5
28. cxd5 Rd6 29. Nc4 Rxd5 30. Rxc7 Rxd2 31. Rxc8 Rxc8 32. Nxd2 Nd6 33. Nc4 Nf5
34. g4 Nd4 35. Re7 Kg8 36. Rxf7 1-0

[Event "Sparkassen-Open A"]
[Site "Heusenstamm, Martinsee"]
[Date "2017.11.25"]
[Round "4.59"]
[White "Tremöhlen, Thomas"]
[Black "Mueller, Werner"]
[Result "0-1"]
[WhiteElo "1978"]
[BlackElo "2103"]
[PlyCount "94"]
[EventDate "2017.??.??"]
[WhiteTeam "SG Kaarst"]
[BlackTeam "SK Göggingen"]

1. d4 Nf6 2. Bf4 g6 3. e3 Bg7 4. Nc3 d6 5. Be2 Nbd7 6. h4 h6 7. Qd2 c6 8. Nf3
Qa5 9. a3 a6 10. b4 Qc7 11. Bh2 e5 12. O-O O-O 13. Rad1 Re8 14. dxe5 dxe5 15.
e4 Ng4 16. Bg3 Ndf6 17. Nh2 h5 18. Qd6 Qxd6 19. Rxd6 a5 20. Nxg4 hxg4 21. Bc4
axb4 22. axb4 Ra3 23. Bb3 Be6 24. Nb1 Rxb3 25. cxb3 Nxe4 26. Rd3 f5 27. Nd2
Nxd2 28. Rxd2 f4 29. Bh2 Bxb3 30. Rb1 Bd5 31. b5 Bf6 32. bxc6 bxc6 33. Rb6 Ra8
34. Rd1 Bxh4 35. g3 Bd8 36. Rb7 f3 37. Rdb1 Bg5 38. Kf1 e4 39. Ke1 e3 40. Rb8+
Rxb8 41. Rxb8+ Kf7 42. Rb4 Be6 43. fxe3 Bxe3 44. Re4 Bb6 45. Kd2 Ke7 46. Ke1
Kd6 47. Rf4 Bf5 0-1

[Event "Sparkassen-Open A"]
[Site "Heusenstamm, Martinsee"]
[Date "2017.11.25"]
[Round "4.60"]
[White "Karimi, Farhad"]
[Black "Herlan, Klaus-Jürgen"]
[Result "1/2-1/2"]
[WhiteElo "2097"]
[BlackElo "1931"]
[PlyCount "82"]
[EventDate "2017.??.??"]
[WhiteTeam "Satranç Club"]
[BlackTeam "SK Marmstorf"]

1. b3 Nf6 2. Bb2 c5 3. c4 g6 4. g3 Bg7 5. Bg2 Nc6 6. e3 O-O 7. Ne2 d6 8. O-O
Bf5 9. d3 e5 10. Nbc3 Qd7 11. Ne4 Bh3 12. Nxf6+ Bxf6 13. Nc3 Bxg2 14. Kxg2 Bg7
15. Nd5 f5 16. f4 Rae8 17. Qd2 Ne7 18. Nc3 exf4 19. gxf4 d5 20. Ne2 Bxb2 21.
Qxb2 Nc8 22. Qc1 d4 23. Rf3 Rf7 24. Nc3 Rfe7 25. e4 fxe4 26. Nxe4 Rxe4 27. dxe4
Rxe4 28. Qf1 Qe7 29. f5 Nd6 30. fxg6 hxg6 31. Kh1 Nf5 32. Qh3 Nh4 33. Rf2 Re3
34. Qc8+ Kg7 35. Raf1 Qe4+ 36. Kg1 Nf3+ 37. Rxf3 Rxf3 38. Rxf3 Qxf3 39. Qxc5
Qe3+ 40. Kg2 Qe2+ 41. Kg3 Qe3+ 1/2-1/2

[Event "Sparkassen-Open A"]
[Site "Heusenstamm, Martinsee"]
[Date "2017.11.25"]
[Round "4.61"]
[White "Calvi, Stefan"]
[Black "Sauer, Bernd"]
[Result "1-0"]
[WhiteElo "2092"]
[BlackElo "1862"]
[PlyCount "87"]
[EventDate "2017.??.??"]
[WhiteTeam "SF Frankfurt"]
[BlackTeam "SF Essen-Katernberg"]

1. e4 c6 2. Nf3 d5 3. exd5 cxd5 4. Ne5 Nf6 5. d4 e6 6. Bd3 Nc6 7. c3 Be7 8. O-O
O-O 9. Nd2 Bd7 10. Re1 Rc8 11. Nf1 Na5 12. Ne3 b5 13. b4 Nc4 14. N3xc4 dxc4 15.
Bc2 Bc6 16. Nxc6 Rxc6 17. a4 a6 18. axb5 axb5 19. Ra5 Qd5 20. Re5 Qd7 21. Qf3
Rb6 22. Bg5 Nd5 23. Bxe7 Nxe7 24. h4 f5 25. Re1 Qd5 26. Qf4 Ng6 27. Qg5 Qd8 28.
Qxd8 Rxd8 29. g3 Ne7 30. Bd1 Nd5 31. Ra3 Kf7 32. Bf3 Kf6 33. Kf1 Rdd6 34. Rea1
h6 35. h5 Rb8 36. Bxd5 Rxd5 37. f4 Rd7 38. Ra6 Ke7 39. Rc6 Kf7 40. Raa6 Re8 41.
Rcb6 Rd5 42. Kf2 e5 43. fxe5 Kg8 44. Kf3 1-0

[Event "Sparkassen-Open A"]
[Site "Heusenstamm, Martinsee"]
[Date "2017.11.25"]
[Round "4.62"]
[White "Cichy, Michael"]
[Black "Hagner, Bennet"]
[Result "1-0"]
[WhiteElo "2078"]
[BlackElo "1715"]
[PlyCount "59"]
[EventDate "2017.??.??"]
[WhiteTeam "SC BS Gliesmarode"]
[BlackTeam "Frankfurter TV"]

1. d4 d5 2. Nf3 Nf6 3. c4 e6 4. Nc3 c6 5. Bg5 h6 6. Bxf6 Qxf6 7. a3 dxc4 8. Ne5
Nd7 9. Nxc4 b5 10. Na5 Nb8 11. e3 Qd8 12. b4 a6 13. Be2 Bd6 14. Bf3 Qb6 15. Ne4
Be7 16. Rc1 Bd7 17. Nc5 Bxc5 18. Rxc5 O-O 19. Qc2 Rc8 20. O-O Ra7 21. Rc1 Rac7
22. e4 f6 23. Qc3 Kf8 24. e5 f5 25. h4 Kf7 26. d5 exd5 27. Bxd5+ Kg6 28. Qg3+
Kh7 29. Bf7 Kh8 30. Qg6 1-0

[Event "Sparkassen-Open A"]
[Site "Heusenstamm, Martinsee"]
[Date "2017.11.25"]
[Round "4.63"]
[White "Altenbernd, Jannis-Domenik"]
[Black "Schnelting, Michael"]
[Result "1/2-1/2"]
[WhiteElo "1958"]
[BlackElo "2075"]
[PlyCount "68"]
[EventDate "2017.??.??"]
[WhiteTeam "SG Bünde"]
[BlackTeam "SK Werne"]

1. d4 d6 2. Nf3 Nf6 3. c4 Nbd7 4. Nc3 e5 5. d5 Be7 6. e4 O-O 7. Be2 c6 8. O-O
a6 9. a4 Nc5 10. Qc2 cxd5 11. cxd5 a5 12. Ne1 Bd7 13. Be3 Rc8 14. f3 Nh5 15.
Nd3 Nxd3 16. Bxd3 Bg5 17. Qd2 Bxe3+ 18. Qxe3 Nf4 19. Kh1 Nxd3 20. Qxd3 Qb6 21.
Qd2 Rc4 22. g3 Rb4 23. Rf2 f5 24. exf5 Rxf5 25. Kg2 Rf8 26. Re1 Bxa4 27. Re4
Rxe4 28. Nxe4 h6 29. Qc3 Rd8 30. h4 Bb3 31. Rd2 a4 32. g4 Qb5 33. Qc7 Qd7 34.
Qb6 Qe7 1/2-1/2

[Event "Sparkassen-Open A"]
[Site "Heusenstamm, Martinsee"]
[Date "2017.11.25"]
[Round "4.64"]
[White "Junker, Christian"]
[Black "Petiko, Nikolai"]
[Result "1/2-1/2"]
[WhiteElo "1952"]
[BlackElo "2064"]
[PlyCount "127"]
[EventDate "2017.??.??"]
[WhiteTeam "SV Neu-Isenburg"]
[BlackTeam "SV Breitenworbis"]

1. Nf3 g6 2. g3 Bg7 3. d3 e5 4. e4 Ne7 5. Bg2 O-O 6. O-O d6 7. c3 c5 8. a4 Nbc6
9. Na3 h6 10. Nc4 Be6 11. Nfd2 d5 12. exd5 Bxd5 13. Ne4 f5 14. Ned6 Bxg2 15.
Kxg2 b6 16. Qb3 Kh7 17. f4 Na5 18. Qd1 Nxc4 19. Nxc4 Qd5+ 20. Kg1 e4 21. Ne3
Qxd3 22. Qxd3 exd3 23. Nc4 Rad8 24. Be3 Nd5 25. Rad1 Nxe3 26. Nxe3 Rfe8 27. Rf3
Re4 28. Nf1 Rxa4 29. Rfxd3 Rxd3 30. Rxd3 Ra2 31. Rd2 a5 32. Kf2 b5 33. Ke2 a4
34. Kd3 c4+ 35. Kc2 a3 36. Kb1 Rxb2+ 37. Rxb2 axb2 38. Kxb2 b4 39. Ne3 Bxc3+
40. Kc2 Bd4 41. Nxc4 Bg1 42. h3 Bh2 43. g4 fxg4 44. hxg4 Bxf4 45. Kb3 Kg7 46.
Kxb4 Kf6 47. Kc3 Kg5 48. Kd3 Kxg4 49. Ke2 Kg3 50. Nb2 Kg2 51. Nd3 Bg3 52. Nb4
g5 53. Nd5 Bf4 54. Nf6 Bd6 55. Ng4 h5 56. Ne3+ Kh3 57. Nf5 Bc5 58. Ng7 Kg4 59.
Ne6 Bb6 60. Nxg5 h4 61. Kf1 Kg3 62. Ne4+ Kh2 63. Ng5 Be3 64. Nf3+ 1/2-1/2

[Event "Sparkassen-Open A"]
[Site "Heusenstamm, Martinsee"]
[Date "2017.11.25"]
[Round "4.65"]
[White "Rieger, Mario"]
[Black "Pauls, Wilhelm"]
[Result "0-1"]
[WhiteElo "1897"]
[BlackElo "2054"]
[PlyCount "62"]
[EventDate "2017.??.??"]
[WhiteTeam "MS Halver-Schalksmühle"]
[BlackTeam "SG Kaarst"]

1. d4 Nf6 2. Nf3 g6 3. c4 Bg7 4. Nc3 d6 5. e4 O-O 6. Be2 e5 7. Be3 Nbd7 8. h3
c6 9. O-O Qe7 10. d5 cxd5 11. cxd5 a6 12. a4 Nc5 13. Nd2 a5 14. f3 Nh5 15. Kh2
Bf6 16. Nc4 Bg5 17. Bxg5 Qxg5 18. Qe1 Nf4 19. Qg3 Qd8 20. Rfe1 f5 21. Nd2 Nfd3
22. Bxd3 f4 23. Qf2 Nxd3 24. Qe2 Nxe1 25. Rxe1 Bd7 26. Nc4 Rf6 27. Qf2 g5 28.
Nb6 Ra6 29. Nxd7 Qxd7 30. Rc1 Rf8 31. Nb5 Rc8 0-1

[Event "Sparkassen-Open A"]
[Site "Heusenstamm, Martinsee"]
[Date "2017.11.25"]
[Round "4.66"]
[White "Browning, Rebecca"]
[Black "Mischke, Gabriel"]
[Result "0-1"]
[WhiteElo "1830"]
[BlackElo "2049"]
[PlyCount "86"]
[EventDate "2017.??.??"]
[WhiteTeam "SG Porz"]
[BlackTeam "TSV Schott Mainz"]

1. e4 g6 2. d4 Bg7 3. c4 d6 4. Nc3 Nf6 5. f4 c5 6. d5 O-O 7. Be2 b5 8. cxb5 a6
9. Nf3 axb5 10. Bxb5 Nxe4 11. Nxe4 Qa5+ 12. Bd2 Qxb5 13. Nc3 Qc4 14. Qe2 Qxe2+
15. Kxe2 Bb7 16. Rhd1 Na6 17. h4 Nb4 18. h5 Ba6+ 19. Ke3 Nc2+ 20. Kf2 Nxa1 21.
Rxa1 Rfb8 22. b3 Bb7 23. hxg6 hxg6 24. Rh1 Bxc3 25. Bxc3 Rxa2+ 26. Kg3 f6 27.
Ng5 Bxd5 28. Rh6 Rxb3 29. Rxg6+ Kf8 30. Nh7+ Kf7 31. f5 Rxc3+ 32. Kh4 Rxg2 33.
Ng5+ fxg5+ 34. Rxg5 Rxg5 35. Kxg5 Rg3+ 36. Kf4 Rf3+ 37. Kg4 Rxf5 38. Kxf5 c4
39. Kf4 c3 40. Ke3 e5 41. Kd3 Ke6 42. Kxc3 Bb7 43. Kd3 Kd5 0-1

[Event "Sparkassen-Open A"]
[Site "Heusenstamm, Martinsee"]
[Date "2017.11.25"]
[Round "4.67"]
[White "Lesny, Florian"]
[Black "Bastian, Ben"]
[Result "1-0"]
[WhiteElo "2041"]
[BlackElo "1675"]
[PlyCount "69"]
[EventDate "2017.??.??"]
[WhiteTeam "SK Niederbrechen"]
[BlackTeam "SC Herborn"]

1. e4 e5 2. Nf3 Nc6 3. Bc4 Bc5 4. O-O Nf6 5. d3 O-O 6. Nbd2 d6 7. c3 Bg4 8. h3
Bd7 9. a4 a5 10. Re1 Re8 11. Nf1 Be6 12. Bb5 Bd7 13. Ng3 Ne7 14. Bxd7 Nxd7 15.
Qb3 Bb6 16. d4 Ng6 17. Bg5 Qb8 18. Nf5 Qa7 19. h4 h6 20. Bd2 Nf6 21. Bxh6 gxh6
22. Nxh6+ Kg7 23. Qxf7+ Kxh6 24. Qxf6 Rf8 25. Qg5+ Kh7 26. Qh5+ Kg7 27. Ng5
Rae8 28. Qh7+ Kf6 29. h5 Nf4 30. Qh6+ Ke7 31. g3 Nd3 32. Qg7+ Kd8 33. Ne6+ Rxe6
34. Qxf8+ Re8 35. Qf6+ 1-0